[Event "44th Olympiad Women 2022"]
[Site "Chennai IND"]
[Date "2022.07.29"]
[Round "1.25"]
[White "Kaslan, Alexandra"]
[Black "Raccanello, Marianna"]
[Result "0-1"]
[WhiteElo "1435"]
[BlackElo "2067"]
[EventDate "2022.07.29"]
[Board "3"]
[WhiteFideId "8201340"]
[BlackFideId "897558"]

1. d4 Nf6 2. Nf3 e6 3. c4 b6 4. Nc3 Bb4 5. Bd2 Bb7 6. e3 O-O 7. Bd3 d5 8.
Rc1 dxc4 9. Bxc4 Nbd7 10. O-O Bd6 11. Nb5 Be7 12. Nxc7 Qxc7 13. Bxe6 Qd6
14. Bb3 Ne4 15. Bc3 Rac8 16. Qe2 Ndf6 17. Ne5 Bd5 18. f3 Nxc3 19. bxc3 Bxb3
20. axb3 Nd5 21. Nc4 Qh6 22. Qd3 b5 23. Nd2 Qxe3+ 24. Qxe3 Nxe3 25. Rfe1
Bg5 26. Ne4 Bh6 27. Rb1 Nd5 28. Nd6 Nxc3 29. Nxc8 Nxb1 30. Ne7+ Kh8 31.
Rxb1 Be3+ 32. Kf1 Bxd4 33. Rd1 Bb6 34. Rd5 a6 35. Nc6 Ra8 36. Ke2 g6 37.
Kd3 Kg7 38. Rd7 Kf8 39. Ne5 Rd8 40. Ke2 Re8 41. f4 Re7 42. Kd3 Ke8 43. Rd5
Bc7 44. g3 Bxe5 45. fxe5 Rd7 46. Rxd7 Kxd7 47. b4 Kc6 48. Kd4 Kb6 49. Kd5
a5 0-1

[Event "44th Olympiad Women 2022"]
[Site "Chennai IND"]
[Date "2022.07.29"]
[Round "1.25"]
[White "Cassi, Elisa"]
[Black "Wijnhard, Joelle"]
[Result "1-0"]
[WhiteElo "1922"]
[BlackElo "1291"]
[EventDate "2022.07.29"]
[Board "4"]
[WhiteFideId "2817220"]
[BlackFideId "14327627"]

1. e4 c5 2. Nf3 d6 3. d4 Bd7 4. dxc5 Qa5+ 5. Nc3 Qxc5 6. Be3 Qc8 7. Qd2 Nc6
8. O-O-O Nf6 9. Bg5 Ng8 10. Bc4 h6 11. Bh4 g5 12. Bg3 Bg7 13. Rhe1 Bg4 14.
e5 dxe5 15. Bb5 Bxf3 16. gxf3 a6 17. Bxe5 Bxe5 18. Bxc6+ Qxc6 19. Rxe5 Qc7
20. Qe3 e6 21. Nd5 Qc6 22. f4 Rc8 23. c3 gxf4 24. Qxf4 Ne7 25. Qf6 Ng6 26.
Rg1 Rh7 27. Rxg6 fxg6 28. Rxe6+ Qxe6 29. Qxe6+ Kd8 30. Qg8+ Kd7 31. Qxh7+
Kd8 32. Qe7# 1-0

[Event "44th Olympiad Women 2022"]
[Site "Chennai IND"]
[Date "2022.07.29"]
[Round "1.26"]
[White "Urh, Zala"]
[Black "Seine, Rose Berline"]
[Result "1-0"]
[WhiteElo "2321"]
[BlackElo "1679"]
[EventDate "2022.07.29"]
[Board "1"]
[WhiteFideId "14611481"]
[BlackFideId "11900547"]

1. d4 d5 2. c4 e6 3. Nc3 Nf6 4. Nf3 Be7 5. Bf4 O-O 6. e3 Re8 7. Rc1 a6 8.
a3 Nbd7 9. c5 Nh5 10. Bd3 Nxf4 11. exf4 c6 12. Qc2 Nf8 13. O-O Qc7 14. g3
Ng6 15. Rfe1 Bd7 16. Na4 Bf6 17. Ne5 Rad8 18. Nb6 Bc8 19. h4 Nf8 20. h5 h6
21. Kg2 Qe7 22. b4 Bxe5 23. fxe5 f6 24. exf6 Qxf6 25. Re5 Nd7 26. Nxd7 Bxd7
27. Qe2 Re7 28. Bb1 Rf8 29. f4 Be8 30. Re1 Bf7 31. Qd3 Rfe8 32. Qh7+ Kf8
33. Qh8+ Bg8 34. Bh7 Kf7 35. Bg6+ Kf8 36. f5 Rf7 37. Rxe6 Rxe6 38. Rxe6
Qxd4 39. Bh7 Qe4+ 40. Rxe4 dxe4 41. Qxg8+ Ke7 42. Bg6 1-0

[Event "44th Olympiad Women 2022"]
[Site "Chennai IND"]
[Date "2022.07.29"]
[Round "1.27"]
[White "Thornton, Filipina"]
[Black "Tsolakidou, Stavroula"]
[Result "0-1"]
[WhiteElo "1661"]
[BlackElo "2362"]
[EventDate "2022.07.29"]
[Board "1"]
[WhiteFideId "5600464"]
[BlackFideId "4264312"]

1. d4 Nf6 2. c4 e6 3. Nc3 Bb4 4. Qc2 d6 5. a3 Bxc3+ 6. Qxc3 Nbd7 7. Nf3 b6
8. g3 Bb7 9. Bg2 O-O 10. O-O Rc8 11. b4 c5 12. bxc5 bxc5 13. Bf4 cxd4 14.
Qb4 Nc5 15. Rfd1 e5 16. Bc1 Qc7 17. Nd2 Bxg2 18. Kxg2 Rb8 0-1

[Event "44th Olympiad Women 2022"]
[Site "Chennai IND"]
[Date "2022.07.29"]
[Round "1.29"]
[White "Castro, Neusa Aridas De"]
[Black "Hakimifard, Ghazal"]
[Result "0-1"]
[WhiteElo "1531"]
[BlackElo "2296"]
[EventDate "2022.07.29"]
[Board "1"]
[WhiteFideId "14800250"]
[BlackFideId "12506540"]

1. e4 c5 2. Nf3 e6 3. Bc4 a6 4. d3 b5 5. Bb3 Bb7 6. c3 d6 7. Be3 Nf6 8. O-O
Be7 9. Nbd2 O-O 10. Re1 Nbd7 11. Bc2 Rc8 12. Rc1 e5 13. Bg5 h6 14. Be3 d5
15. exd5 Nxd5 16. Nf1 f5 17. Bd2 Bd6 18. Ng3 Kh8 19. Re2 Nf4 20. Re1 Qf6
21. Nf1 Rce8 22. Bxf4 exf4 23. d4 Nb6 24. Rxe8 Rxe8 25. Qd3 Be4 26. Qe2 Re7
27. dxc5 Bxc5 28. Bb3 Nc4 29. Bxc4 bxc4 30. Qd1 Qb6 31. Qe2 Bd3 32. Qd2 Re2
33. Qxf4 Rxf2 34. Kh1 Bxf1 35. Qh4 Bxg2+ 36. Kg1 Bxf3 37. Re1 Rg2+ 0-1

[Event "44th Olympiad Women 2022"]
[Site "Chennai IND"]
[Date "2022.07.29"]
[Round "1.29"]
[White "Heinatz, Gundula"]
[Black "Vilhete, Vania Fausto Da T."]
[Result "1-0"]
[WhiteElo "2196"]
[BlackElo "1701"]
[EventDate "2022.07.29"]
[Board "2"]
[WhiteFideId "4612434"]
[BlackFideId "14800144"]

1. d4 d5 2. Nf3 e6 3. g3 Nf6 4. Bg2 c5 5. O-O Nc6 6. c4 dxc4 7. Ne5 Nxe5 8.
dxe5 Qxd1 9. Rxd1 Nd7 10. f4 Be7 11. Na3 Nb6 12. Be3 c3 13. bxc3 O-O 14.
Rab1 Rb8 15. c4 Na4 16. Rd3 a6 17. Bc6 b5 18. cxb5 axb5 19. Bxb5 Ra8 20.
Nc4 Ba6 21. Bxa6 Rxa6 22. Rb7 Bd8 23. Ra3 Bb6 24. Nxb6 Rxb6 25. Rxb6 Nxb6
26. Bxc5 Ra8 27. Rxa8+ Nxa8 28. e4 f6 29. exf6 gxf6 30. Be7 Kf7 31. Bd8 f5
32. exf5 exf5 33. Kf2 Ke6 34. Ke3 Kd7 35. Ba5 Kc6 36. Kd4 Kd6 37. a4 h6 38.
h3 h5 39. h4 1-0

[Event "44th Olympiad Women 2022"]
[Site "Chennai IND"]
[Date "2022.07.29"]
[Round "1.29"]
[White "Sitoe, Cheila Andre"]
[Black "Stoeri, Laura"]
[Result "0-1"]
[WhiteElo "1574"]
[BlackElo "2084"]
[EventDate "2022.07.29"]
[Board "3"]
[WhiteFideId "14800780"]
[BlackFideId "1304313"]

1. e4 e5 2. Nf3 Nc6 3. Bc4 Nf6 4. d3 Be7 5. O-O O-O 6. Bg5 d6 7. h3 Na5 8.
Nbd2 a6 9. a3 b5 10. Ba2 c5 11. Re1 Qc7 12. Nf1 Be6 13. Ne3 Rab8 14. Qd2
Nc6 15. c3 Na5 16. Qc2 c4 17. Bxf6 Bxf6 18. dxc4 bxc4 19. Nd2 Rb5 20. a4
Rc5 21. Red1 Rb8 22. Nf3 Be7 23. Nd5 Bxd5 24. Rxd5 Rxd5 25. exd5 Qb7 26.
Qe4 g6 27. g4 Rc8 28. Rb1 Rc5 29. Nd2 Rxd5 30. Qe2 Rd3 31. Kh2 d5 32. Nxc4
dxc4 33. Bxc4 Rd6 34. Bd3 Nb3 35. Re1 Nc5 36. Bc4 Rf6 37. Kg1 Bd6 38. Rd1
h6 39. Bd5 Qb6 40. b3 Ne6 41. b4 Ng5 42. Rd3 Bb8 43. Kg2 e4 44. Rd2 Qc7 45.
Qe3 Qh2+ 46. Kf1 Bf4 47. Bxf7+ Nxf7 48. Qd4 Qh1+ 49. Ke2 Qf3+ 50. Ke1 Bxd2+
51. Qxd2 e3 52. Qxe3 Qh1+ 53. Kd2 Rd6+ 54. Kc2 Qd1+ 55. Kb2 Rd2+ 56. Ka3
Qa1+ 57. Kb3 Qa2# 0-1

[Event "44th Olympiad Women 2022"]
[Site "Chennai IND"]
[Date "2022.07.29"]
[Round "1.30"]
[White "Heba, Assi"]
[Black "Olde, Margareth"]
[Result "0-1"]
[WhiteElo "1449"]
[BlackElo "2235"]
[EventDate "2022.07.29"]
[Board "2"]
[WhiteFideId "11507225"]
[BlackFideId "4503082"]

1. d4 Nf6 2. Nf3 e6 3. e3 c5 4. b3 cxd4 5. exd4 d5 6. Bb2 Bd6 7. Bd3 Nc6 8.
a3 O-O 9. O-O b6 10. Nbd2 Bb7 11. Ne5 Rc8 12. c4 Re8 13. Rc1 Bf8 14. Ndf3
dxc4 15. bxc4 g6 16. Rc2 Bg7 17. Qe2 Nxe5 18. Nxe5 Nd7 19. f4 Rc7 20. Rfc1
Bh6 21. Qf2 Nxe5 22. fxe5 Bxc1 23. Rxc1 Qg5 24. Rf1 Rd8 25. Bc1 Qg4 26. h3
Qxd4 27. Be2 Qxf2+ 28. Rxf2 Ba6 29. Rf4 Bxc4 30. Rxc4 Rxc4 31. Bxc4 Rd1+
32. Kf2 Rxc1 0-1

[Event "44th Olympiad Women 2022"]
[Site "Chennai IND"]
[Date "2022.07.29"]
[Round "1.31"]
[White "Blackman, Katrina"]
[Black "Chumpitaz, Ann"]
[Result "0-1"]
[WhiteElo "1691"]
[BlackElo "2278"]
[EventDate "2022.07.29"]
[Board "1"]
[WhiteFideId "11100540"]
[BlackFideId "3804178"]

1. d4 Nf6 2. Nf3 g6 3. Bf4 d5 4. e3 Bg7 5. Be2 c5 6. c3 Nc6 7. h3 O-O 8.
O-O Nd7 9. Bh2 Re8 10. Qc2 e5 11. Rd1 e4 12. Nfd2 Qg5 13. Bf4 Qe7 14. a3
cxd4 15. cxd4 Bxd4 16. Nc3 Nb6 17. exd4 Nxd4 18. Qc1 Be6 19. Re1 Rac8 20.
Qd1 Nf5 21. Bg4 Ng7 22. Bxe6 Nxe6 23. Bg3 f5 24. Nb3 Rcd8 25. Nd4 Nc5 26.
Re2 Qg7 27. b3 Nd3 28. Ndb5 f4 29. Bh2 a6 30. Rc2 axb5 31. Nxb5 Rc8 32. Nd6
Rxc2 33. Nxe8 Qd4 0-1

[Event "44th Olympiad Women 2022"]
[Site "Chennai IND"]
[Date "2022.07.29"]
[Round "1.32"]
[White "Sukandar, Irine Kharisma"]
[Black "Viana, Valeria"]
[Result "1-0"]
[WhiteElo "2373"]
[BlackElo "1441"]
[EventDate "2022.07.29"]
[Board "1"]
[WhiteFideId "7101937"]
[BlackFideId "8407100"]

1. d4 Nf6 2. Bf4 g6 3. Nc3 Bg7 4. e4 d6 5. Qd2 Nbd7 6. Nf3 O-O 7. O-O-O a6
8. e5 Ne8 9. Bh6 c6 10. h4 Nb6 11. h5 Bf5 12. Bxg7 Kxg7 13. hxg6 Bxg6 14.
Qh6+ Kg8 15. Nh4 Ng7 16. Nxg6 fxg6 17. e6 Nh5 18. Rxh5 gxh5 19. Bd3 Rf7 20.
exf7+ Kxf7 21. Qxh5+ Kf8 22. Qxh7 Ke8 23. Bf5 Nd7 24. Qg6+ Kf8 25. Be6 Ne5
26. Qg8# 1-0

[Event "44th Olympiad Women 2022"]
[Site "Chennai IND"]
[Date "2022.07.29"]
[Round "1.48"]
[White "Machlik, Edit"]
[Black "Marochkina, Nadezhda Valerevna"]
[Result "1-0"]
[WhiteElo "2084"]
[BlackElo "1687"]
[EventDate "2022.07.29"]
[Board "1"]
[WhiteFideId "1513591"]
[BlackFideId "19900490"]

1. d4 d5 2. c4 e6 3. Nc3 Nf6 4. cxd5 exd5 5. Bg5 Be7 6. e3 c6 7. Qc2 Nbd7
8. Bd3 Nf8 9. h3 Ne6 10. Bh4 g6 11. Nf3 Ng7 12. O-O O-O 13. Bxf6 Bxf6 14.
b4 Nf5 15. b5 cxb5 16. Nxb5 Bd7 17. Qb3 Ne7 18. Rfc1 Bc6 19. Nc3 a6 20. Ne1
Qa5 21. a4 Rfd8 22. Be2 Nc8 23. Nd3 Be7 24. Bf3 Nb6 25. Ne5 Rac8 26. Bg4 f5
27. Bf3 Kg7 28. g4 Nc4 29. Nxc4 dxc4 30. Qd1 Bb4 31. Na2 1-0

[Event "44th Olympiad Women 2022"]
[Site "Chennai IND"]
[Date "2022.07.29"]
[Round "1.52"]
[White "Nomcebo, Sibisi"]
[Black "Azhar, Puteri Munajjah Az-Zahraa"]
[Result "0-1"]
[WhiteElo "1225"]
[BlackElo "2018"]
[EventDate "2022.07.29"]
[Board "2"]
[WhiteFideId "20701152"]
[BlackFideId "5709040"]

1. d4 Nf6 2. Nf3 d6 3. g3 g6 4. Bg2 Bg7 5. O-O O-O 6. b3 c6 7. Bb2 Qc7 8.
c4 Nbd7 9. Nbd2 Re8 10. Rc1 e5 11. d5 a5 12. e4 Nc5 13. Ne1 Qb6 14. Qc2 Bg4
15. Nd3 Bh6 16. Rfe1 Bd7 17. Ba3 Nxd3 18. Qxd3 c5 19. Bb2 Qd8 20. a4 Nh5
21. Bf3 Qg5 22. Rc2 Nf4 23. Qc3 Nh3+ 24. Kf1 f5 25. Ke2 Rf8 26. Rf1 f4 27.
Kd1 fxg3 28. hxg3 Bg4 29. Bxg4 Qxg4+ 30. f3 Qxg3 31. Kc1 Qg2 32. Kb1 Bxd2
33. Qd3 Nf4 34. Rxd2 Qh3 35. Qe3 Qxf1+ 36. Ka2 Nh5 37. Rf2 Qg1 38. Qd2 Qg3
39. Qe3 Rf6 40. Bxe5 Qxe5 41. Qd2 b6 42. Qh6 Raf8 43. Qd2 Rxf3 44. Rxf3
Rxf3 45. Qe2 Qc3 46. e5 Qxb3+ 47. Ka1 Qa3+ 48. Kb1 Rb3+ 49. Kc2 Rb2+ 50.
Kd1 Qa1# 0-1

[Event "44th Olympiad Women 2022"]
[Site "Chennai IND"]
[Date "2022.07.29"]
[Round "1.52"]
[White "Dlamini, Nosipho"]
[Black "Sim, Jia Ru"]
[Result "0-1"]
[WhiteElo "1081"]
[BlackElo "2005"]
[EventDate "2022.07.29"]
[Board "4"]
[WhiteFideId "20700237"]
[BlackFideId "5716110"]

1. e4 c5 2. Nf3 e6 3. Nc3 Nc6 4. Bb5 Nd4 5. Nxd4 cxd4 6. Ne2 Qg5 7. Nxd4
Qc5 8. c3 e5 9. b4 Qb6 10. Bxd7+ Bxd7 11. Nf3 Bd6 12. Qb3 Nf6 13. d3 O-O
14. O-O a5 15. Bd2 axb4 16. cxb4 Be6 17. Qb2 Qb5 18. Bc3 Nd7 19. Rfd1 Bg4
20. d4 Bxf3 21. gxf3 exd4 22. Rxd4 Qe5 23. Rxd6 Qxd6 24. Kf1 f6 25. h4 Qd3+
26. Kg2 Ne5 27. Qb3+ Kh8 28. Bxe5 Qxb3 29. axb3 fxe5 30. Rc1 Rac8 31. Rd1
Rc3 32. Rd7 Rxb3 33. Rxb7 Rbxf3 34. Kf1 Rxf2+ 35. Ke1 Rb2 36. Rb5 Ra8 37.
Ra5 Rxa5 38. bxa5 Ra2 39. h5 Rxa5 40. Kf2 Ra3 41. Ke2 g6 42. h6 g5 43. Kf2
Kg8 44. Kg2 Kf7 45. Kf2 Kg6 46. Ke2 g4 47. Kd2 g3 0-1

[Event "44th Olympiad Women 2022"]
[Site "Chennai IND"]
[Date "2022.07.29"]
[Round "1.56"]
[White "Mills, Morgen"]
[Black "Esse, Akua Kosife"]
[Result "1-0"]
[WhiteElo "1993"]
[BlackElo "1329"]
[EventDate "2022.07.29"]
[Board "3"]
[WhiteFideId "2013304"]
[BlackFideId "21200220"]

1. e4 e5 2. Nf3 Nc6 3. Bb5 a6 4. Bxc6 dxc6 5. O-O Bd6 6. d4 f6 7. dxe5 fxe5
8. Nxe5 Qe7 9. Qh5+ g6 10. Nxg6 Qf7 11. Nf4 Qxh5 12. Nxh5 Bf8 13. Bf4 Bg4
14. Be5 Bxh5 15. Bxh8 O-O-O 16. Nc3 Bh6 17. f3 b6 18. g4 Bg6 19. Rad1 Re8
20. Rde1 c5 21. f4 1-0

[Event "44th Olympiad Women 2022"]
[Site "Chennai IND"]
[Date "2022.07.29"]
[Round "1.57"]
[White "Pinder, Trinity"]
[Black "Morales Flores, Monserrat"]
[Result "0-1"]
[WhiteElo "1183"]
[BlackElo "1946"]
[EventDate "2022.07.29"]
[Board "1"]
[WhiteFideId "10400818"]
[BlackFideId "3412016"]

1. d4 Nf6 2. c4 g6 3. Nc3 Bg7 4. Nf3 O-O 5. e3 d6 6. Bd3 Nbd7 7. O-O e5 8.
d5 a5 9. a4 Nc5 10. e4 Nh5 11. g3 Bg4 12. Be2 f5 13. Ng5 Bxe2 14. Qxe2 f4
15. Nh3 Qd7 16. Ng5 Nb3 17. Ra3 Nd4 18. Qd3 Qg4 19. Ne6 Nf3+ 20. Kh1 fxg3
21. fxg3 Nxg3+ 22. Kg2 Nxf1+ 23. Kxf1 Qg1+ 24. Ke2 Qe1# 0-1

[Event "44th Olympiad Women 2022"]
[Site "Chennai IND"]
[Date "2022.07.29"]
[Round "1.58"]
[White "Varela La Madrid, Tilsia Carolina"]
[Black "Magne Kouokam Sylviane"]
[Result "1-0"]
[WhiteElo "2079"]
[BlackElo "1317"]
[EventDate "2022.07.29"]
[Board "1"]
[WhiteFideId "3903001"]
[BlackFideId "16400402"]

1. e4 d5 2. exd5 Nf6 3. Bb5+ Bd7 4. Bc4 Bf5 5. Nc3 g6 6. Nge2 Bg7 7. d4
Nbd7 8. Ng3 Bg4 9. f3 Bh5 10. Bg5 h6 11. Be3 Nb6 12. Bb5+ Nfd7 13. Qd3 a6
14. Nxh5 gxh5 15. Bxd7+ Nxd7 16. Na4 Nf6 17. c4 Qd7 18. Nc5 Qc8 19. Bf4 b6
20. Ne4 Qd7 21. Ng3 e6 22. dxe6 fxe6 23. Qg6+ Kf8 24. Be5 Qf7 25. Qxf7+
Kxf7 26. O-O h4 27. Ne4 Nd7 28. Bxg7 Kxg7 29. Rae1 Rhf8 30. Nc3 Rae8 31.
Re4 h3 32. g3 e5 33. d5 Rf5 34. f4 Ref8 35. Ne2 Nc5 36. Re3 a5 37. Rd1 Re8
38. g4 Rf7 39. fxe5 Rfe7 40. e6 Nxe6 41. dxe6 Rxe6 42. Rd7+ Kg8 43. Rxe6
Rxe6 44. Kf2 Re4 45. Rd4 Re7 46. Nf4 c5 47. Rd8+ Kg7 48. b3 Re4 49. Kf3 Re1
50. Nxh3 Rc1 51. Rd7+ Kg8 52. Nf4 a4 53. Rd6 axb3 54. axb3 Rc3+ 55. Rd3 Rc1
56. Ke4 Re1+ 57. Kf5 Re7 58. Ne6 Kf7 59. Nd8+ Kg7 60. h4 Re2 61. Ne6+ Kf7
62. Nf4 Rb2 63. g5 hxg5 64. hxg5 Rb1 65. g6+ Ke7 66. Re3+ Kf8 67. Kf6 Rf1
68. g7+ 1-0

[Event "44th Olympiad Women 2022"]
[Site "Chennai IND"]
[Date "2022.07.29"]
[Round "1.59"]
[White "Abdul Rasheed, Mariyam Laisa"]
[Black "Avelino, Camila Biscaya"]
[Result "0-1"]
[WhiteElo "1145"]
[BlackElo "1863"]
[EventDate "2022.07.29"]
[Board "3"]
[WhiteFideId "16701364"]
[BlackFideId "1938975"]

1. e4 e5 2. Nf3 Nc6 3. Bc4 Nf6 4. d3 h6 5. h3 g6 6. c3 d5 7. exd5 Nxd5 8.
O-O Bg7 9. Re1 O-O 10. Qe2 a6 11. Nbd2 Nf4 12. Qe3 b5 13. Qe4 Bb7 14. Bb3
Rb8 15. Bc2 Nd4 16. Qxf4 exf4 17. Nxd4 Bxd4 18. cxd4 Qxd4 19. Nb3 Qd5 20.
f3 Qg5 21. Rf1 Rfe8 22. Rf2 Re1+ 23. Rf1 Bxf3 24. g4 Qh4 25. Bxf4 Qxh3 26.
Kf2 Qg2+ 27. Kxe1 Qe2# 0-1

[Event "44th Olympiad Women 2022"]
[Site "Chennai IND"]
[Date "2022.07.29"]
[Round "1.59"]
[White "Silva, Ana Ines Teixeira Da"]
[Black "Aishath, Alya Mohamed Shareef"]
[Result "1-0"]
[WhiteElo "1775"]
[BlackElo "1110"]
[EventDate "2022.07.29"]
[Board "4"]
[WhiteFideId "1932543"]
[BlackFideId "16700660"]

1. e4 e6 2. d4 d5 3. exd5 exd5 4. Nf3 Bd6 5. c4 c6 6. Bd3 Nf6 7. O-O O-O 8.
Nc3 h6 9. h3 Be6 10. c5 Bc7 11. b4 Nbd7 12. Be3 a6 13. a4 Qe7 14. Re1 Rfe8
15. Qd2 Qf8 16. Bc2 b5 17. Bf4 Bxf4 18. Qxf4 g5 19. Qd2 Nh5 20. Ne5 Rac8
21. axb5 axb5 22. Ra6 Nb8 23. Ra7 Nf4 24. Ne2 Qg7 25. Nxf4 gxf4 26. Qxf4
Rf8 27. Re3 Qg5 28. Rg3 Qxg3 29. Qxg3+ Kh8 30. Qd3 f5 31. Ng6+ Kg8 32. Nxf8
Rxf8 33. Qg3+ Kh8 34. Qg7# 1-0

[Event "44th Olympiad Women 2022"]
[Site "Chennai IND"]
[Date "2022.07.29"]
[Round "1.61"]
[White "Thorsteinsdottir, Hallgerdur"]
[Black "Ahmed, Najla"]
[Result "1-0"]
[WhiteElo "1934"]
[BlackElo "1176"]
[EventDate "2022.07.29"]
[Board "2"]
[WhiteFideId "2302454"]
[BlackFideId "11205270"]

1. d4 d5 2. c4 dxc4 3. e4 Nf6 4. e5 Nd5 5. Bxc4 e6 6. a3 c6 7. Ne2 a6 8.
Qc2 b6 9. b4 Nd7 10. Bxd5 cxd5 11. O-O Be7 12. f4 Nb8 13. Ng3 f6 14. Nc3
O-O 15. exf6 Bxf6 16. Nce2 Bd7 17. Nh5 Be7 18. Rf3 Rf7 19. Be3 Nc6 20. Raf1
Rc8 21. Qb3 Bf6 22. Nxf6+ Rxf6 23. Rh3 Ne7 24. Qd3 Rg6 25. Qxa6 Rc2 26. Rc1
Rxc1+ 27. Bxc1 Nf5 28. a4 Qc7 29. Rc3 Qd8 30. Qb7 Nd6 31. Qa7 Nc4 32. a5
bxa5 33. bxa5 Qxa5 34. Qxd7 Qa2 35. Qe8# 1-0

[Event "44th Olympiad Women 2022"]
[Site "Chennai IND"]
[Date "2022.07.29"]
[Round "1.62"]
[White "Mezioud, Amina"]
[Black "Abigail Karyah"]
[Result "1-0"]
[WhiteElo "2024"]
[BlackElo "1455"]
[EventDate "2022.07.29"]
[Board "1"]
[WhiteFideId "7900970"]
[BlackFideId "22601147"]

1. e4 e5 2. Nf3 d6 3. d4 exd4 4. Nxd4 Nf6 5. Nc3 Be7 6. Be2 O-O 7. Be3 c5
8. Nb3 Nc6 9. O-O Be6 10. f4 Qc7 11. Nd5 Qd8 12. Bf3 Re8 13. Re1 Bf8 14. c4
Rb8 15. Rc1 Bd7 16. Nxf6+ Qxf6 17. e5 Qe6 18. exd6 b6 19. Qd2 Qxd6 20. Qxd6
Bxd6 21. Rcd1 Nd4 22. Nxd4 cxd4 23. Rxd4 Rxe3 24. Rxe3 Bc5 25. Red3 Bg4 26.
Kf1 Bxd4 27. Rxd4 Bxf3 28. gxf3 Kf8 29. Rd7 a5 30. Kf2 Ke8 31. Rd5 Rc8 32.
b3 Rc6 33. h4 Ke7 34. h5 Ke6 35. Ke3 g6 36. h6 f6 37. Rd8 g5 38. Rg8 Kf5
39. Rg7 gxf4+ 40. Kd3 Re6 41. Rxh7 Kg5 42. Kd2 f5 43. Rh8 Rxh6 44. Rxh6
Kxh6 45. Kd3 Kh5 46. a3 Kg5 47. b4 axb4 48. axb4 Kf6 49. Kd4 Ke6 50. b5 Kd6
51. c5+ bxc5+ 52. Kc4 Kd7 53. Kxc5 Kc7 54. Kd5 Kb6 55. Ke5 Kxb5 56. Kxf4
Kc5 57. Kxf5 Kd5 58. f4 Kd6 59. Kf6 Kd7 60. f5 1-0